000 00860nmm a2200277 a 4500
001 ocm000621533
003 TR-IsHL
005 20201028134326.0
008 131121s2006 tu tur
007 cr cn
020 _a9789944959377
035 _a621533
_b(N$T)
050 0 4 _aPL248.C36
_bK5 2006
090 0 4 _aPL248.C36
_bK5 2006
100 1 _aCandan, Mehmet
245 1 0 _aKirpi
_h[electronic resource] /
_cMehmet Candan ; ed. Ahmet Demirhan
260 _aİstanbul :
_bRomanevi Yayınevi,
_c2006
300 _a80 p.
650 4 _aDil ve Edebiyat
650 4 _aLanguage and Literature
650 0 _aTürk romanı
650 0 _aTurkish fiction
650 7 _aLITERARY COLLECTIONS / Middle Eastern
_2bisacsh
700 1 _aDemirhan, Ahmet
856 4 0 _uhttp://search.ebscohost.com/login.aspx?direct=true&scope=site&db=e011xww&AN=621533
999 _c6129
_d6129